000 01080nam a2200253 a 4500
003 DO-SdBNP
005 20210527104126.0
008 100317s1991 dr 000 0 spa d
040 _aBPMSU
_bspa
_cBPMSU
049 _a
082 _a972.9302
_bC733p 1991
_222
110 2 _aComisión Dominicana Permanente para la Celebración del Quinto Centenario del Descubrimiento y Evangelización de América
245 1 0 _aPrograma de eventos del 1992 en la República Dominicana con motivo del Quinto Centenario del Descubrimiento y Evangelización de América.
246 1 3 _aFestival de las Américas
250 _a2a.ed.
260 _aSanto Domingo :
_bComisión Dominicana Permanente para la celebración del Quinto Centenario del Descubrimiento y Evangelización de América,
_c1991
300 _a96 p. ;
_c24 cm.
500 _3Celebración del Quinto Centenario dedicación del Faro a Colón
590 _6Inventariado, 2021/VM
650 4 _aAniversarios
_zRepública Dominicana
651 4 _aAmérica
_xDescubrimiento y exploraciones |
910 _aVMateo
942 _2ddc
_cBK
999 _c13541
_d13541